| 000 | 01038nam a22003017a 4500 | ||
|---|---|---|---|
| 003 | CHAP | ||
| 005 | 20220329143817.0 | ||
| 008 | 110921s2009 es a r 00010 spa d | ||
| 010 | _a102154 | ||
| 011 | _a103126 | ||
| 020 | _a9788496113176 | ||
| 035 | _a113815 | ||
| 040 | _cCHAP | ||
| 082 | 0 | 4 |
_a346.0486 _bOc19 |
| 110 | 1 |
_aOrganización para la Cooperación y el Desarrollo Económicos. París _983559 |
|
| 245 | 1 | 0 |
_aManual de estadísticas de patentes de la OCDE _c/por Organización para la Cooperación y el Desarrollo Económicos |
| 260 |
_aMadrid,Esp. : _bOCDE, _c2009 |
||
| 300 |
_a75 p. : _bilus., cuadros, gráfs, tablas |
||
| 590 |
_aBATCH-UPD _b10 _c20130110 _lUCH01 _h1755 |
||
| 590 |
_aBATCH-UPD _b10 _c20130410 _lUCH01 _h1132 |
||
| 590 |
_aBATCH-UPD _b10 _c20130914 _lUCH01 _h1325 |
||
| 590 |
_aCONVERSION _b10 _c20130109 _lUCH01 _h1356 |
||
| 650 | 1 | 4 |
_aEstadística. _938241 |
| 650 | 1 | 4 |
_aPatentes. _986153 |
| 901 | _aBK | ||
| 942 | _cLIBRO | ||
| 949 |
_a346.048 Oc19 _bBC _cLIBRO _d33724002310884 _eLIBRO _h115847 _i113815 _sb |
||
| 999 |
_c102154 _d102154 |
||